000 00505cam a2200205 4500
001 B3258
008 090401t1990 xxu||||| |||| 00| 0 eng d
035 _a(Sirsi) u54969
041 _aeng
050 _a333.70285
110 _aAssociation for Geographic Information
_9166
245 _aMembership list
260 _aLondon
_bAssociation for Geographic Information
_c1990
300 _a158p. ; 30cm.
350 _a0
650 _aDIRECTORIES
650 _aGIS
942 _n0
948 _c04/03/1997
999 _c93528
_d93528